<?xml version="1.0" encoding="UTF-8"?>
<collection xmlns="http://www.loc.gov/MARC21/slim">
 <record>
  <leader>01236pam a22002538a 4500</leader>
  <controlfield tag="001">00020362</controlfield>
  <controlfield tag="005">20171026081023.0</controlfield>
  <controlfield tag="008">110517s1994                  ||||||Viesd</controlfield>
  <datafield tag="041" ind1="0" ind2="#">
   <subfield code="a">Vie</subfield>
  </datafield>
  <datafield tag="082" ind1="1" ind2="4">
   <subfield code="a">372.7</subfield>
   <subfield code="b">PH561PH</subfield>
  </datafield>
  <datafield tag="100" ind1="0" ind2="#">
   <subfield code="a">Hà Sĩ Hồ</subfield>
  </datafield>
  <datafield tag="245" ind1="0" ind2="0">
   <subfield code="a">Phương pháp dạy và học toán ở tiểu học</subfield>
   <subfield code="b">Tài liệu đào tạo giáo viên tiểu học hệ THSP 9+3 và 9+4. Lưu hành nội bộ</subfield>
   <subfield code="c">Hà Sĩ Hồ</subfield>
   <subfield code="n">T.1</subfield>
  </datafield>
  <datafield tag="260" ind1="#" ind2="#">
   <subfield code="a">H.</subfield>
   <subfield code="b">Nxb Hà Nội</subfield>
   <subfield code="c">1994</subfield>
  </datafield>
  <datafield tag="300" ind1="#" ind2="#">
   <subfield code="a">94 tr.</subfield>
   <subfield code="c">21 cm.</subfield>
  </datafield>
  <datafield tag="500" ind1="#" ind2="#">
   <subfield code="a">ĐTTS ghi : Bộ GD &amp; ĐT. Vụ giáo viên</subfield>
  </datafield>
  <datafield tag="650" ind1="#" ind2="4">
   <subfield code="a">Phương pháp giảng dạy</subfield>
  </datafield>
  <datafield tag="650" ind1="#" ind2="4">
   <subfield code="a">Toán</subfield>
  </datafield>
  <datafield tag="653" ind1="#" ind2="#">
   <subfield code="a">Tiểu học</subfield>
  </datafield>
  <datafield tag="852" ind1="#" ind2="#">
   <subfield code="b">Kho giáo trình</subfield>
   <subfield code="j">KGT.0004131, KGT.0004132, KGT.0004133, KGT.0004134, KGT.0004135, KGT.0004136, KGT.0004137, KGT.0004138, KGT.0004139, KGT.0004140, KGT.0004141</subfield>
  </datafield>
  <datafield tag="852" ind1="#" ind2="#">
   <subfield code="b">Kho mượn</subfield>
   <subfield code="j">KGT.0004131</subfield>
  </datafield>
  <datafield tag="852" ind1="#" ind2="#">
   <subfield code="b">Kho đọc</subfield>
   <subfield code="j">KD.0005752</subfield>
  </datafield>
  <datafield tag="852" ind1="#" ind2="#">
   <subfield code="j">KD.0005752</subfield>
   <subfield code="j">KGT.0004132</subfield>
   <subfield code="j">KGT.0004133</subfield>
   <subfield code="j">KGT.0004135</subfield>
   <subfield code="j">KGT.0004136</subfield>
   <subfield code="j">KGT.0004138</subfield>
   <subfield code="j">KGT.0004141</subfield>
   <subfield code="j">KGT.0004140</subfield>
   <subfield code="j">KGT.0004131</subfield>
   <subfield code="j">KGT.0004134</subfield>
   <subfield code="j">KGT.0004137</subfield>
   <subfield code="j">KGT.0004139</subfield>
  </datafield>
  <datafield tag="910" ind1="0" ind2="#">
   <subfield code="a">nhnam</subfield>
   <subfield code="d">17/05/2011</subfield>
  </datafield>
  <datafield tag="980" ind1="#" ind2="#">
   <subfield code="a">Trung tâm Học liệu Lê Vũ Hùng, Trường Đại học Đồng Tháp</subfield>
  </datafield>
 </record>
</collection>
